[Event "NLD-sf"]
[Site "?"]
[Date "1994.??.??"]
[Round "2"]
[White "Hartoch, Robert G"]
[Black "Homs, Guust"]
[Result "1/2-1/2"]
[WhiteElo "2345"]
[BlackElo "2235"]

1.Nf3 d5 2.g3 g6 3.c4 c6 4.cxd5 cxd5 5.Bg2 Bg7 6.d4 Nf6 7.O-O O-O 8.Ne5 b6
9.Nc3 Bb7 10.b3 Nbd7 11.Bb2 Ne4 12.Nxe4 dxe4 13.Rc1 Rc8 14.Nc4 f5 15.Qd2 Nf6
16.Rc2 Qd7 17.Rfc1 Qe6 18.e3 Nd5 19.Ne5 Rxc2 20.Rxc2 Rc8 21.Bf1 Rxc2 22.Qxc2 Qc8
23.Qxc8+ Bxc8 24.Nc6 Bb7 25.Nxa7 e6 26.a3 Bf8 27.Nb5 Kf7 28.Bc4 g5 29.Kf1 Bc6
30.Na7 Bb7 31.Ke1 f4 32.Kd2 fxe3+ 33.fxe3 g4 34.Nb5 Ke7 35.Nc3 Bh6 36.Nxd5+ exd5
37.Be2 Bc8 38.a4 Bg5 39.Ba3+ Kd8 40.Bd6 h5 41.b4 Bd7 42.Bd1 Kc8 43.Bb3 Be6
44.Bf4 Be7 45.Kc3 Kb7 46.Bd1 Bd7 47.Kb3 Ka7 48.Be2 Kb7 49.Bf1 Ka7 50.b5 Kb7
51.Be2 Be6 52.Bd1 Bd7 53.Kc3 Be6 54.Bb3 Bf7 55.Kd2 Bb4+ 56.Ke2 Be7 57.Kf2 Be6
58.Kg1 Kc8 59.Bd1 Kb7 60.h3 Kc8 61.hxg4 hxg4 62.Kf2 Kb7 63.Ke2 Kc8 64.Kd2 Bb4+
65.Kc2 Kb7 66.Be2 Bd7 67.Kb3 Bd2 68.Bf1 Be6 69.Be2 Bd7 70.Bd1 Be6 71.Bc2 Bf7
72.Bb1 Be6 73.Ba2 Bf7 74.Kc2 Bb4 75.Bg5 Be1 76.Bh4 Be6 77.Kd1 Bb4 78.Ke2 Bf7
79.Bd8 Be6 80.Bb3 Bf7 81.Kf2 Be6 82.Bd1 Bd7  1/2-1/2

[Event "NLD-sf"]
[Site "?"]
[Date "1994.??.??"]
[Round "3"]
[White "Vogel, Jaap"]
[Black "Langeweg, Kick"]
[Result "1/2-1/2"]
[WhiteElo "2300"]
[BlackElo "2390"]

1.Nf3 d5 2.g3 c6 3.Bg2 Nf6 4.b3 Bg4 5.Bb2 Nbd7 6.c4 e6 7.O-O Bd6 8.d4 O-O
9.Ne5 Bf5 10.Nd2 Qc7 11.Nd3 a5 12.a3 b6 13.Rc1 Qd8 14.Ne5 Rc8 15.f3 Nxe5
16.dxe5 Bc5+ 17.Kh1 Nd7 18.f4 Be3 19.Ra1 Nc5 20.b4 Na6 21.bxa5 bxa5 22.Nf3 Nc5
23.Bd4 Bxd4 24.Nxd4 Be4 25.Bxe4 Nxe4 26.Qc2 Qd7 27.c5 f6 28.Nf3 Qe7 29.Rfc1 fxe5
30.Nxe5 g5 31.e3 Rf5 32.Rab1 Rcf8 33.Nxc6 Qe8 34.Nd4 R5f6 35.c6  1/2-1/2

[Event "NLD-sf"]
[Site "?"]
[Date "1994.??.??"]
[Round "3"]
[White "Van Blitterswijk, Stefan"]
[Black "Jonkman, Harmen"]
[Result "1/2-1/2"]
[WhiteElo "2295"]
[BlackElo "2280"]

1.Nf3 d5 2.g3 Nf6 3.Bg2 e6 4.O-O Be7 5.d3 b6 6.Nbd2 Bb7 7.e4 O-O 8.e5 Nfd7
9.Re1 c5 10.Nf1 Nc6 11.h4 a5 12.N1h2 a4 13.a3 Ba6 14.Bf4  1/2-1/2

[Event "NLD-sf"]
[Site "?"]
[Date "1994.??.??"]
[Round "4"]
[White "Hartoch, Robert G"]
[Black "Van der Werf, Mark"]
[Result "0-1"]
[WhiteElo "2345"]
[BlackElo "2430"]

1.Nf3 d5 2.g3 Nf6 3.Bg2 e6 4.O-O c5 5.c4 Nc6 6.b3 Be7 7.Bb2 d4 8.e3 O-O 9.exd4 cxd4
10.d3 Ne8 11.Ba3 Nc7 12.Re1 f6 13.Bxe7 Qxe7 14.a3 a5 15.Nbd2 e5 16.Qc2 Bd7
17.Qb2 Rae8 18.Rab1 Na6 19.Re2 Kh8 20.Ne1 Qd6 21.Ne4 Qc7 22.f3 f5 23.Nf2 Rb8
24.Qc1 f4 25.Ne4 b5 26.Rc2 b4 27.a4 fxg3 28.hxg3 Ne7 29.Re2 Nf5 30.Nc2 Nc5
31.g4 Nxd3 32.Qd2 Nf4 33.gxf5 d3 34.Rf2 dxc2 35.Qxc2 Bxf5 36.Rd1 Rb6 37.Bf1 Rg6+
38.Kh1 Qe7 39.Rh2 Bxe4 40.Qxe4 Qg5 41.Qe3 h6 42.Re1 Rf5 43.c5 Qf6 44.Rd1 Rh5
45.Rd2 Rxh2+ 46.Rxh2 Qf5 47.Qe4 Qxe4 48.fxe4 Rc6 49.Bc4 Rxc5 50.Rd2 h5 51.Rd8+ Kh7
52.Rb8 Nh3 53.Kg2 Ng5 54.Rb5 Rc6 55.Rxe5 Kh6 56.Re8 Kg6 57.Kg3 Rf6 58.e5 Rf3+
59.Kh2 h4 60.e6 Rg3 61.Bd5 Nf3+ 62.Bxf3 Rxf3 63.Ra8 Re3 64.Rxa5 Kf6 65.Ra8 Rxb3
66.a5 Kxe6 67.a6 Ra3 68.a7 Kf7 69.Rb8 Rxa7 70.Rxb4 g5 71.Rb6 Ra3 72.Kg2 Re3
73.Rb8 Kg6 74.Rb6+ Kh5 75.Rb4 Rg3+ 76.Kh2 Rg4 77.Rb2 Rd4 78.Rg2 g4 79.Ra2 Kg5
80.Ra1 Rd2+ 81.Kg1 Kf4 82.Ra4+ Kf3 83.Ra3+ Ke4 84.Ra4+ Rd4 85.Ra1 Rd3 86.Re1+ Re3
87.Rf1 h3 88.Kh2 Re2+ 89.Kg3 Rg2+ 90.Kh4 h2 91.Re1+ Kd3 92.Rh1 g3 93.Kh3 Rg1  0-1

[Event "NLD-sf"]
[Site "?"]
[Date "1994.??.??"]
[Round "7"]
[White "Van Esch, B."]
[Black "Jonkman, Harmen"]
[Result "0-1"]
[WhiteElo "2205"]
[BlackElo "2280"]

1.Nf3 d5 2.g3 Nf6 3.Bg2 e6 4.O-O Be7 5.d3 c5 6.Nbd2 Nc6 7.e4 b6 8.Re1 Bb7
9.c3 Qc7 10.a3 dxe4 11.dxe4 Rd8 12.Qc2 Ba6 13.Bf1 Bxf1 14.Nxf1 h6 15.Bf4 Qb7
16.h3 O-O 17.g4 c4 18.Rad1 Nd7 19.N1d2 b5 20.b4 cxb3 21.Nxb3 Bxa3 22.Qa2 Be7
23.Rb1 Nc5 24.Be3 Nxe4 25.Qc2 Nf6 26.Nc5 Bxc5 27.Bxc5 Rfe8 28.g5 hxg5 29.Nxg5 Rd5
30.Be3 Ne7 31.c4 Qc6 32.Rec1 bxc4 33.Qxc4 Rd1+  0-1

[Event "NLD-sf"]
[Site "?"]
[Date "1994.??.??"]
[Round "8"]
[White "Kuipers, Eelco"]
[Black "Van der Werf, Mark"]
[Result "0-1"]
[WhiteElo "2035"]
[BlackElo "2430"]

1.Nf3 d5 2.g3 c6 3.Bg2 Bg4 4.d4 Nd7 5.O-O e6 6.Nbd2 f5 7.c4 Bd6 8.b3 Qf6
9.Bb2 Ne7 10.Qc2 h5 11.Ne5 h4 12.Ndf3 hxg3 13.fxg3 Bxf3 14.Nxf3 g5 15.e3 Qh6
16.Rae1 Nf6 17.Bh1 Bxg3 18.Re2 Ne4 19.Ne5 Bxe5 20.Bxe4 dxe4 21.dxe5 Ng6 22.Rd1 Nh4
23.Rd6 Nf3+ 24.Kh1 g4 25.c5 g3 26.Qc4 Qxh2+  0-1

[Event "North Bay op"]
[Site "North Bay"]
[Date "1994.??.??"]
[Round "?"]
[White "Hergott, Deen"]
[Black "Shabalov, Alexander"]
[Result "0-1"]
[WhiteElo "2430"]
[BlackElo "2600"]

1.Nf3 d5 2.g3 Bg4 3.Bg2 Nd7 4.c4 e6 5.b3 c6 6.Bb2 Ngf6 7.O-O Bd6 8.d4 O-O
9.Nbd2 a5 10.Re1 a4 11.bxa4 Qa5 12.c5 Bc7 13.Qb3 Qxa4 14.Bc3 Rfb8 15.Qxa4 Rxa4
16.Reb1 e5 17.dxe5 Bxf3 18.exf6 Bxe2 19.Re1 Bg4 20.Re7 gxf6 21.Bf3 Be6 22.Re1 Be5  0-1

[Event "BCF-ch"]
[Site "Norwich"]
[Date "1994.??.??"]
[Round "1"]
[White "Hennigan, Michael"]
[Black "O'Brien, Richard"]
[Result "1-0"]
[WhiteElo "2440"]
[BlackElo "2235"]

1.Nf3 d5 2.g3 c5 3.Bg2 Nc6 4.O-O e5 5.d3 Nf6 6.Nbd2 Be7 7.e4 dxe4 8.dxe4 O-O
9.c3 Qc7 10.Qc2 b5 11.a4 b4 12.Re1 Ba6 13.Bf1 Bb7 14.Nc4 Rad8 15.Nh4 g6 16.Ng2 Rfe8
17.f3 Kg7 18.a5 h6 19.Nge3 Bf8 20.Bg2 Kh7 21.Rf1 Bg7 22.Bd2 bxc3 23.bxc3 Ba6
24.Rfb1 Qd7 25.Bf1 Qe6 26.Qa4 Rb8 27.Be1 Red8 28.Bf2 Rxb1 29.Rxb1 Rb8 30.Rd1 Bb5
31.Qa3 Bf8 32.Nd5 Rc8 33.Kg2 h5 34.Rb1 a6 35.Ncb6 Bxf1+ 36.Rxf1 Rd8 37.Bxc5 Bg7
38.Nxf6+ Bxf6 39.Nd5 h4 40.Bb6 h3+ 41.Kg1 Rb8 42.Qa4 Ne7 43.Nc7 Qc8 44.Rd1 Bg5
45.Qd7 Kg7 46.Qxc8 Rxc8 47.Rd3 Nc6 48.Nxa6 Be7 49.Nc7 Bd8 50.Rd7 Kg8 51.Nd5 Kf8
52.Bxd8 Nxd8 53.a6 Nc6 54.Rc7 Rxc7 55.Nxc7 Ke7 56.Nb5 Kd7 57.a7 Nxa7 58.Nxa7 Kd6
59.Kf2 Kc5 60.Ke3  1-0

[Event "BCF-ch"]
[Site "Norwich"]
[Date "1994.??.??"]
[Round "4"]
[White "Martin, Andrew D"]
[Black "Motwani, Paul"]
[Result "1/2-1/2"]
[WhiteElo "2435"]
[BlackElo "2520"]

1.Nf3 d5 2.g3 Bg4 3.Bg2 Nd7 4.O-O e6 5.d3 Bd6 6.Nbd2 Ne7 7.e4 Nc6 8.c3 O-O
9.d4 f5 10.exd5 exd5  1/2-1/2

[Event "Nyiregyhaza op"]
[Site "Nyiregyhaza"]
[Date "1994.??.??"]
[Round "?"]
[White "Krutti, Valer"]
[Black "Kiss, Fernanda"]
[Result "1-0"]
[WhiteElo "2430"]
[BlackElo "2100"]

1.Nf3 d5 2.g3 Nf6 3.Bg2 Bf5 4.O-O e6 5.c4 Be7 6.Qb3 Qc8 7.Nc3 c6 8.d3 O-O
9.Be3 Nbd7 10.Rac1 dxc4 11.dxc4 Qc7 12.Nd4 Bg6 13.Na4 Ne4 14.a3 Rfd8 15.Rfd1 Nec5
16.Nxc5 Bxc5 17.Bh3 Qb6 18.Qc3 Nf6 19.b4 Ne4 20.Qa1 Bxd4 21.Bxd4 c5 22.Be3 Qc7
23.f3 Nf6 24.Rxd8+ Rxd8 25.Bxc5 Rd2 26.Bf1 h5 27.Be3 Rd8 28.Bg5 e5 29.c5 Rd5
30.e4 Rd4 31.Be3 Rd8 32.Rd1 Rxd1 33.Qxd1 a6 34.Bh3 Ne8 35.Qd5 Nf6 36.Qd6 Qxd6
37.cxd6 Kf8 38.d7  1-0

[Event "Oberwart op"]
[Site "Oberwart"]
[Date "1994.??.??"]
[Round "3"]
[White "Loginov, Vladimir"]
[Black "Bogumil, Pavel"]
[Result "1/2-1/2"]
[WhiteElo "2610"]
[BlackElo "2350"]

1.Nf3 d5 2.g3 c6 3.Bg2 Bg4 4.c4 Bxf3 5.Bxf3 e6 6.cxd5 cxd5 7.O-O Nc6 8.d3 Nf6
9.Nc3 Bb4 10.Bd2 O-O 11.a3 Bxc3 12.Bxc3 d4 13.Bd2 Nd5 14.Qb3 Qd7 15.Rac1 Rac8
16.Bg2 h6 17.Rc5 Nce7 18.Rfc1 Rxc5 19.Rxc5 Rd8 20.a4 b6 21.Rc4 e5 22.Bb4 Nxb4
23.Qxb4 Rc8 24.a5 Rxc4 25.dxc4 Qc7 26.axb6 axb6 27.Qb5 Kf8 28.b4 f5 29.c5 bxc5
30.bxc5 e4 31.f3 d3 32.exd3 exd3 33.Qxd3 Qxc5+ 34.Kh1 g6  1/2-1/2

[Event "Orel2"]
[Site "Orel"]
[Date "1994.??.??"]
[Round "6"]
[White "Itkis, Boris"]
[Black "Lunev, A."]
[Result "1-0"]
[WhiteElo "2455"]
[BlackElo "2430"]

1.Nf3 d5 2.g3 c6 3.Bg2 Bf5 4.O-O h6 5.b3 Nf6 6.Bb2 Nbd7 7.c4 e6 8.d3 Be7
9.Nbd2 O-O 10.a3 a5 11.Qc2 Bh7 12.Bc3 b5 13.cxb5 cxb5 14.b4 a4 15.Qb2 Rc8
16.Ne5 Nxe5 17.Bxe5 Qb6 18.Rfc1 Qb7 19.Nf3 Rfd8 20.Bh3 Ne8 21.Nd4 Qd7 22.Rxc8 Rxc8
23.Rc1 Rxc1+ 24.Qxc1 Bd6 25.Bxd6 Nxd6 26.Qc5 g5 27.Qxd5 Qc7 28.Qc5 Qxc5 29.bxc5 Nb7
30.c6 Nd6 31.c7 Kf8 32.Nxb5 Nc8 33.Bg2 Ke7 34.f4 gxf4 35.gxf4 Kd7 36.Kf2 Bg6
37.Ke3 Ne7 38.Kd4 Bh5 39.e3 f6 40.Bb7 Be2 41.Kc5 Bxd3 42.Kb6 Bxb5 43.c8=Q+  1-0

[Event "Orel"]
[Site "Orel"]
[Date "1994.??.??"]
[Round "8"]
[White "Gorbatow, Alexej"]
[Black "Legky, Nikolay A"]
[Result "1/2-1/2"]
[WhiteElo "2415"]
[BlackElo "2525"]

1.Nf3 d5 2.g3 c5 3.Bg2 Nc6 4.d4 e6 5.O-O Nf6 6.c4 Be7 7.cxd5 exd5 8.Nc3 O-O
9.Bg5 cxd4 10.Nxd4 h6 11.Bf4  1/2-1/2

[Event "Orel2"]
[Site "Orel"]
[Date "1994.??.??"]
[Round "9"]
[White "Itkis, Boris"]
[Black "Pushkov, Nikolai"]
[Result "1-0"]
[WhiteElo "2455"]
[BlackElo "2485"]

1.Nf3 d5 2.g3 c6 3.Bg2 Bg4 4.c4 e6 5.O-O Nd7 6.b3 Ngf6 7.Bb2 Bd6 8.cxd5 exd5
9.d3 O-O 10.Nbd2 Re8 11.h3 Bxf3 12.Nxf3 Qe7 13.e3 Ne5 14.Nd4 Ba3 15.Bxa3 Qxa3
16.Qd2 a5 17.Rfd1 Qd6 18.a3 g6 19.b4 axb4 20.axb4 b6 21.Rxa8 Rxa8 22.f4 Ned7
23.e4 c5 24.e5 Qf8 25.Ne2 Nh5 26.Bxd5 Rd8 27.Qa2 Ng7 28.d4 cxb4 29.Rc1 Qe8
30.Rc7 Ne6 31.Bxe6 fxe6 32.Qc4 Nf8 33.Qxb4 Rb8 34.Nc3 Qd8 35.Re7 Qc8 36.Ra7 Ra8
37.Rxa8 Qxa8 38.d5 exd5 39.Qb3 Qa1+ 40.Kg2 Kg7 41.Nxd5 Ne6 42.Nf6 Qd4 43.Qxe6 Qd2+
44.Kf3 Qd1+ 45.Ke4 Qc2+ 46.Kf3 Qd1+ 47.Ke3 Qc1+ 48.Kd3 Qa3+ 49.Ke4  1-0

[Event "Orel"]
[Site "Orel"]
[Date "1994.??.??"]
[Round "10"]
[White "Gorbatow, Alexej"]
[Black "Mukhametov, Eldar"]
[Result "1/2-1/2"]
[WhiteElo "2415"]
[BlackElo "2390"]

1.Nf3 d5 2.g3 Bg4 3.Bg2 Nd7 4.O-O c6 5.d3 e6 6.Nbd2 Bd6 7.b3 Ne7 8.Bb2 O-O
9.Qe1 c5 10.e4 Nc6 11.Rc1 Qc7 12.Nh4 Rae8 13.f4 dxe4 14.dxe4 f6 15.Nc4 Nd4
16.Nf3 e5 17.f5 Bh5 18.Ne3 b5 19.g4 Bf7 20.Nd2 c4 21.c3 Nc5 22.cxd4 Nd3 23.Qe2 Nxb2
24.d5 Nd3 25.Ra1 Nf4 26.Qf3 Bb4 27.Rfd1 cxb3 28.Nxb3 Ba3 29.Bf1 Qb6 30.Kh1 Rc8
31.Ng2 Nxg2 32.Qxg2 a5 33.Qg1 Qa6 34.Bd3 Rc3 35.Qf1 Rb8 36.Rab1 Qb6 37.Qg1 Qd8
38.Qf1 Be8 39.Na1 Rc5 40.Nc2 b4 41.Nxa3 bxa3 42.Rxb8 Qxb8 43.Rb1 Qc7 44.Qd1 Rc3
45.Kg2 h6 46.Rb3 Rc1 47.Qd2 Kh7 48.Qf2 a4 49.Rb1 Rc3 50.Rd1 Bd7 51.Rd2 Qd6
52.Qe2 Rc1 53.Rd1 Rc3 54.Rd2 Rc1  1/2-1/2

[Event "Oslo op"]
[Site "Oslo"]
[Date "1994.??.??"]
[Round "1"]
[White "Bern, Ivar"]
[Black "Serper, Grigory"]
[Result "1/2-1/2"]
[WhiteElo "2380"]
[BlackElo "2560"]

1.Nf3 d5 2.g3 c5 3.Bg2 Nc6 4.d4 e6 5.O-O Nf6 6.b3 cxd4 7.Nxd4 Bc5 8.Bb2 O-O
9.e3 Qe7 10.c4 Bd7 11.cxd5 Nxd5 12.Nc3 Nxc3 13.Bxc3 Nxd4 14.exd4 Bb4 15.Bxb4 Qxb4
16.d5 Rad8 17.Qc2 exd5 18.Bxd5 Bh3 19.Rfd1 b6 20.a3  1/2-1/2

[Event "Oslo op"]
[Site "Oslo"]
[Date "1994.??.??"]
[Round "7"]
[White "Karlsson, Lars"]
[Black "Hector, Jonny"]
[Result "0-1"]
[WhiteElo "2520"]
[BlackElo "2515"]

1.Nf3 d5 2.g3 Nc6 3.d4 Bg4 4.Bg2 Qd7 5.Ne5 Nxe5 6.dxe5 e6 7.c4 c6 8.Qd4 f5
9.Nc3 c5 10.Qd1 d4 11.Nb5 a6 12.Qa4 Rb8 13.Nd6+ Bxd6 14.Qxd7+ Kxd7 15.exd6 Kxd6
16.e3 e5 17.b4 b6 18.Ba3 Nf6 19.f3 Bh5 20.bxc5+ bxc5 21.exd4 exd4 22.O-O Rhe8
23.Rfd1 Kc6 24.g4 Bg6 25.g5 Nd7 26.f4+ Kc7 27.Re1 Bf7 28.Rxe8 Rxe8 29.Rb1 Kd6
30.Rd1 Re3 31.Rxd4+ Kc7 32.Rxd7+ Kxd7 33.Bxc5 Re1+ 34.Kf2 Ra1 35.a3 Ra2+
36.Kg3 Bxc4 37.Bf3 Ke6 38.Bb7 g6 39.Bc8+ Kd5 40.Bb4 a5 41.Bb7+ Kd4 42.Bd6 Bd5  0-1

[Event "Osterskan op"]
[Site "Osterskan"]
[Date "1994.??.??"]
[Round "?"]
[White "Poley, Vladimir"]
[Black "Lyrberg, Patrik"]
[Result "0-1"]
[WhiteElo "2395"]
[BlackElo "2405"]

1.Nf3 d5 2.g3 Nf6 3.Bg2 c6 4.c4 Bg4 5.Ne5 Be6 6.cxd5 Bxd5 7.Nf3 Nbd7 8.Nc3 Ne5
9.Nxd5 Nxf3+ 10.Bxf3 cxd5 11.Qa4+ Qd7 12.Qxd7+ Kxd7 13.d3 e6 14.Bd2 Bd6 15.Bc3 Rhc8
16.g4 b5 17.a3 a5 18.g5 b4 19.Bd4 Ne8 20.e4 dxe4 21.Bxe4 Rab8 22.axb4 Bxb4+
23.Ke2 Rc2+ 24.Ke3 Nd6 25.Bxg7 Bc5+ 26.Bd4 Nxe4 27.Rxa5 Bxd4+ 28.Kxd4 Nd6
29.Ke5 Rxf2 30.Ra7+ Rb7 31.Rxb7+ Nxb7 32.h4 Nc5 33.Kd4 Kd6 34.b4 Nd7 35.Kc4 Ne5+
36.Kb5 Rf4 37.Ka5 Nc6+  0-1

[Event "Osterskan op"]
[Site "Osterskan"]
[Date "1994.??.??"]
[Round "?"]
[White "Karlsson, Lars"]
[Black "Hector, Jonny"]
[Result "1/2-1/2"]
[WhiteElo "2500"]
[BlackElo "2530"]

1.Nf3 d5 2.g3 c6 3.Bg2 Bg4 4.Ne5 Bf5 5.d4 f6 6.Nd3 Nd7 7.Nd2 e5 8.dxe5 fxe5
9.e4 dxe4 10.Nxe4 Ngf6 11.Qe2 Bxe4 12.Bxe4 Nxe4 13.Qxe4 Bd6 14.O-O Qe7 15.Bd2 O-O
16.Rae1 Qf7 17.Bb4 Nf6 18.Qh4 Bxb4 19.Qxb4 e4 20.Nc5 Qxa2 21.Nxe4 Nxe4 22.Rxe4 Rf7
23.Rfe1 Raf8 24.f4 b6 25.Qc3 c5 26.b3 Qa6 27.Re8 h6 28.Rxf8+ Rxf8 29.Re7 Rf7
30.Re8+ Rf8 31.Qe5 Rxe8 32.Qxe8+ Kh7 33.Qe4+ Kh8 34.Qe8+ Kh7 35.Qe4+ Kh8
36.Qe8+  1/2-1/2

[Event "Ostrava"]
[Site "Ostrava"]
[Date "1994.??.??"]
[Round "10"]
[White "Smejkal, Jan"]
[Black "Haba, Petr"]
[Result "1/2-1/2"]
[WhiteElo "2520"]
[BlackElo "2475"]

1.Nf3 d5 2.g3 Nf6 3.Bg2 c6 4.O-O Bf5 5.d3 h6 6.Nbd2 e6 7.b3 Be7 8.Bb2 O-O
9.Qe1 Bh7 10.e4 a5 11.a3 Na6 12.Qe2 Rc8 13.Kh1 b5 14.Ne5 c5 15.exd5 exd5
16.Rae1 Nb8 17.Ng4 Nc6 18.Nxf6+ Bxf6 19.Bxf6 Qxf6 20.Bxd5 Qb2 21.Bxc6  1/2-1/2

[Event "Pardubice op"]
[Site "Pardubice"]
[Date "1994.??.??"]
[Round "1"]
[White "Ralis, Peter"]
[Black "Yakovich, Yuri"]
[Result "0-1"]
[WhiteElo "2285"]
[BlackElo "2515"]

1.Nf3 d5 2.g3 c6 3.Bg2 Bg4 4.O-O Nd7 5.d3 e6 6.Nbd2 Bd6 7.e4 Ne7 8.Qe1 O-O
9.h3 Bh5 10.g4 Bg6 11.Nh4 Qc7 12.Nb3 Bf4 13.Nd4 Rad8 14.Ne2 Bxc1 15.Qxc1 dxe4
16.dxe4 Qb6 17.Kh1 Nc5 18.Nc3 Qb4 19.a3 Qc4 20.Qe1 e5 21.Nf5 Nc8 22.b3 Qe6
23.Qe3 b6 24.a4 a5 25.Rfd1 Qf6 26.Ne2 h6 27.Qc3 Rfe8 28.Neg3 Qg5 29.Rxd8 Qxd8
30.Bf3 Qc7 31.Rd1 Ne6 32.Ne2 f6 33.h4 Bf7 34.Neg3 Ne7 35.Nxe7+ Rxe7 36.Nf5 Rd7
37.Rxd7 Qxd7 38.Qxc6 Qxc6 39.Ne7+ Kf8 40.Nxc6 Be8 41.Na7 Bd7 42.Bd1 Ke7 43.h5 Kd6
44.Kg2 Kc7 45.c3 Kb7 46.Nb5 Bxb5 47.axb5 Kc7 48.Kf3 Kd6 49.Ke3 Kc5 50.c4 Kb4
51.Bc2 a4 52.bxa4 Kxc4 53.Bd1 Kb4 54.Kf3 Nc5 55.Bc2 Kc3 56.Bd1 Kd2 57.Be2 Nxa4
58.Bc4 Nc5 59.Bd5 Kd3 60.Bc6 Ne6 61.Kg3 Ng5 62.Kg2 Nxe4 63.f3 Nd6 64.Kf2 Kc4
65.g5 Nxb5 66.gxf6 gxf6  0-1

[Event "Pardubice op"]
[Site "Pardubice"]
[Date "1994.??.??"]
[Round "3"]
[White "Zolnierowicz, Krzysztof"]
[Black "Haba, Petr"]
[Result "1-0"]
[WhiteElo "2360"]
[BlackElo "2505"]

1.Nf3 d5 2.g3 c5 3.Bg2 Nc6 4.O-O e6 5.d3 Bd6 6.Nbd2 Nge7 7.e4 O-O 8.Re1 f6
9.c3 Qc7 10.d4 cxd4 11.cxd4 Nb4 12.e5 fxe5 13.dxe5 Bc5 14.Nb3 b6 15.a3 Na6
16.Nbd4 Bxd4 17.Nxd4 Nc6 18.Nb5 Qe7 19.Nd6 Bd7 20.Bf4 Nc7 21.b4 Kh8 22.Qd2 h6
23.h4 Ne8 24.Rac1 Nxd6 25.exd6 Qf6 26.b5 Na5 27.Be5 Qg6 28.Qb4 Rf7 29.Rc7 Raf8
30.Bf1 Kg8 31.Rxa7 Qf5 32.f4 Qg4 33.Kh2 Nc4 34.Qc3 Bxb5 35.Rxf7 Rxf7 36.Be2 Qf5
37.g4 Qe4 38.Bd3 Qxe1 39.Qxe1 Nxe5 40.Qxe5 Bxd3 41.Qxe6 Bb5 42.Qxd5 Bd7 43.g5 hxg5
44.fxg5  1-0

[Event "Pardubice op"]
[Site "Pardubice"]
[Date "1994.??.??"]
[Round "4"]
[White "Mikac, Matjaz"]
[Black "Rapoport, Igor"]
[Result "1-0"]
[WhiteElo "2430"]
[BlackElo "2240"]

1.Nf3 d5 2.g3 c6 3.Bg2 Bf5 4.O-O e6 5.d3 Nf6 6.c4 Bc5 7.Nc3 O-O 8.Qb3 Na6
9.Qxb7 Nb4 10.Bf4 a5 11.Qc7 Qe8 12.Na4 Ra7 13.Qe5 Be7 14.a3 c5 15.axb4 axb4
16.b3 dxc4 17.dxc4 Ne4 18.Qb2 g5 19.Be3 Bf6 20.Qc1 Bxa1 21.Qxa1 f6 22.Ne1 Nc3
23.Bxc5 Rff7 24.Bxa7 Rxa7 25.Qb2 Nxa4 26.bxa4 Qxa4 27.Nd3 b3 28.Nc5 Qb4 29.Nxb3 Ra3
30.Qxf6 Rxb3 31.Qxg5+ Kf7 32.e4 Bg6 33.h4 h5 34.e5 Bd3 35.Qf6+ Ke8  1-0

[Event "Pardubice op"]
[Site "Pardubice"]
[Date "1994.??.??"]
[Round "7"]
[White "Kuporosov, Viktor"]
[Black "Bashkov, Viacheslav"]
[Result "1-0"]
[WhiteElo "2510"]
[BlackElo "2420"]

1.Nf3 d5 2.g3 Nf6 3.Bg2 e6 4.O-O Be7 5.c4 dxc4 6.Na3 Bxa3 7.bxa3 O-O 8.Qc2 b5
9.Ng5 c6 10.Bb2 Re8 11.Bxf6 Qxf6 12.Qxh7+ Kf8 13.Ne4 Qh6 14.Qxh6 gxh6 15.Nd6 Rd8
16.Nxb5 Na6 17.Bxc6 Rb8 18.Nxa7 Nc5 19.Rfc1 Ba6 20.Rc2 Rb6 21.a4 Rd6 22.Bb5 Rb7
23.Rxc4 Rxa7 24.Rxc5 Rxd2 25.e3 Bxb5 26.axb5 Raxa2 27.Rxa2 Rxa2 28.b6 Rb2
29.Rc8+ Kg7 30.Rb8 Kf6 31.Kg2 Kg6 32.g4 Kf6 33.Kg3 Kg7 34.h4 Kf6 35.h5 Kg7
36.f4 Rb3 37.Kf3 Rb4 38.Ke2 Rb3 39.Kd2 Kh7 40.Kc2 Rb5 41.Kc3 Kg7 42.e4 Rb1
43.e5 Rc1+ 44.Kb4 Rf1 45.Kc5 Rc1+ 46.Kd6 Rd1+ 47.Ke7  1-0

[Event "Pardubice op"]
[Site "Pardubice"]
[Date "1994.??.??"]
[Round "8"]
[White "Zolnierowicz, Krzysztof"]
[Black "Stripunsky, Alexander"]
[Result "0-1"]
[WhiteElo "2360"]
[BlackElo "2480"]

1.Nf3 d5 2.g3 c6 3.b3 Bg4 4.Bb2 Nd7 5.Bg2 e6 6.O-O h5 7.d3 h4 8.e4 hxg3 9.hxg3 dxe4
10.dxe4 Qa5 11.Nbd2 Qh5 12.Re1 O-O-O 13.Qe2 Bb4 14.c3 Ne5 15.Qe3 Nxf3+ 16.Nxf3 Bc5
17.Qf4 g5 18.Nxg5 f6  0-1

[Event "Paris op"]
[Site "Paris"]
[Date "1994.??.??"]
[Round "3"]
[White "Bouton, Christophe"]
[Black "Roumegous, Etienne"]
[Result "1-0"]
[WhiteElo "2255"]
[BlackElo "2140"]

1.Nf3 d5 2.g3 c5 3.d4 cxd4 4.Nxd4 e5 5.Nb3 Nc6 6.Bg2 Be6 7.O-O Qd7 8.e4 d4
9.f4 f6 10.fxe5 fxe5 11.Qh5+ g6 12.Qe2 O-O-O 13.Na3 h5 14.Bg5 Be7 15.Qd2 Bb4
16.Qd3 Nge7 17.Nc4 Rh7 18.a3 Bd6 19.Nxd6+ Qxd6 20.Rf6 Rf7 21.Rxf7 Bxf7 22.Rf1 Bxb3
23.Qxb3 d3 24.cxd3 Qd4+ 25.Kh1 Qxd3 26.Qe6+ Qd7 27.Bh3 Qxe6 28.Bxe6+ Kc7
29.Bd5 Rd7 30.Bf7 Rd4 31.Re1 b5 32.Be3 Rd3 33.Kg2 Nd4 34.Rc1+ Kd6 35.Kf2 a5
36.a4 Nb3 37.Rh1 bxa4 38.Ke2 Rd4 39.Bxd4 Nxd4+ 40.Kd3 Nf3 41.h4 Kc5 42.Rc1+ Kb6
43.Be8 Nd4 44.Bxa4 Ne6 45.Be8 Nc5+ 46.Ke3 Nb7 47.Rf1 Nd6 48.Rf6 Kc5  1-0

[Event "Paris op"]
[Site "Paris"]
[Date "1994.??.??"]
[Round "6"]
[White "Dussol, Pierre"]
[Black "Shevelev, Arkady"]
[Result "0-1"]
[WhiteElo "2265"]
[BlackElo "2280"]

1.Nf3 d5 2.g3 c6 3.Bg2 Bg4 4.O-O Nd7 5.d3 e5 6.Nbd2 Ngf6 7.e4 Bd6 8.h3 Bh5
9.Qe1 O-O 10.Nh4 Re8 11.Nf5 Bf8 12.b3 a5 13.a3 Nc5 14.Bb2 dxe4 15.dxe4 Nfd7
16.Kh1 f6 17.f4 Qc7 18.fxe5 Nxe5 19.g4 Bf7 20.Qg3 Ne6 21.g5 Nd7 22.Qxc7 Nxc7
23.gxf6 gxf6 24.Rad1 Rad8 25.Nf3 Bg6 26.Rd2 Bxf5 27.exf5 Bh6 28.Rd3 Nd5 29.Nd4 Nc5
30.Rg3+ Kf7 31.Bxd5+ Rxd5 32.Rg4 Be3 33.b4 axb4 34.axb4 h5 35.Rg6 Ne4 36.Ne6 Rxe6
37.fxe6+ Kxg6 38.Re1  0-1

[Event "PER-ch"]
[Site "Peru"]
[Date "1994.??.??"]
[Round "7"]
[White "Belli, Mario"]
[Black "Gonzales, Manuel"]
[Result "1-0"]
[WhiteElo "2410"]
[BlackElo "2265"]

1.Nf3 d5 2.g3 c6 3.Bg2 Bg4 4.O-O Nd7 5.b3 Ngf6 6.Bb2 e6 7.d3 Bd6 8.Nbd2 O-O
9.e4 e5 10.h3 Bxf3 11.Bxf3 Re8 12.Bg2 Qc7 13.Qe2 a5 14.c4 dxe4 15.dxe4 Nc5
16.Bc3 Ne6 17.Nf3 c5 18.Ne1 Nd4 19.Bxd4 cxd4 20.Nd3 Nd7 21.a4 Nc5 22.Nxc5 Bxc5
23.Rad1 Ra6 24.Rd3 Rb6 25.h4 Bb4 26.h5 Bc3 27.Rb1 Qe7 28.Bh3 Rd8 29.Kg2 Qg5
30.Qg4 Qxg4 31.Bxg4 g6 32.Bf3 Kg7 33.Kf1 Rb4 34.Ke2 f5 35.g4 Kf6 36.hxg6 hxg6
37.gxf5 gxf5 38.exf5 Kxf5 39.Bd5 e4 40.Rh3 b5 41.Rh5+ Kf6 42.Bxe4 bxc4 43.bxc4 Rxb1
44.Bxb1 Re8+ 45.Kd3 Re1 46.Bc2 Rf1 47.Rh2 Ke5 48.c5 Kd5 49.Rh5+ Kc6 50.Kc4 Re1
51.Rh6+ Kc7 52.Rh7+ Kd8 53.c6 Re7 54.Rxe7 Kxe7 55.Kc5 d3 56.Bxd3 Kd8 57.Kb6 Bd4+
58.Kb7 Be5 59.f3 Bf4 60.Kb6 Bc7+ 61.Kc5 Ke7 62.Kd5 Kf6 63.Bf1 Kf5 64.Bh3+  1-0

[Event "World op"]
[Site "Philadelphia"]
[Date "1994.??.??"]
[Round "?"]
[White "Pigusov, Evgeny"]
[Black "Yakovich, Yuri"]
[Result "1/2-1/2"]
[WhiteElo "2570"]
[BlackElo "2520"]

1.Nf3 d5 2.g3 c6 3.Bg2 Bg4 4.d3 Nd7 5.O-O e6 6.c4 Ngf6 7.h3 Bxf3 8.Bxf3 dxc4
9.dxc4 Ne5 10.Qb3 Nxf3+ 11.exf3 Qb6 12.Be3 Qxb3 13.axb3 a6 14.Rd1 Bb4 15.Nc3 Ke7
16.Na4  1/2-1/2

[Event "POL-ch (Women)"]
[Site "?"]
[Date "1994.??.??"]
[Round "5"]
[White "Krynicka, Jolanta"]
[Black "Lukasiewicz, Anna"]
[Result "0-1"]
[WhiteElo "2150"]
[BlackElo "2170"]

1.Nf3 d5 2.g3 Nf6 3.Bg2 c6 4.d3 Bf5 5.Nbd2 h6 6.O-O e6 7.c4 Be7 8.Qa4 Na6
9.a3 Nc5 10.Qc2 a5 11.b3 O-O 12.Bb2 Na6 13.Rfc1 Bh7 14.Qd1 Nd7 15.d4 Qb8
16.Bc3 b6 17.Qe1 Nf6 18.Ne5 Qb7 19.e4 Rac8 20.Bb2 Rfd8 21.Qe2 Bf8 22.f4 c5
23.exd5 exd5 24.cxd5 Nxd5 25.Ndc4 cxd4 26.Bxd4 Nc5 27.Bxc5 Bxc5+ 28.Kh1 Qe7
29.Ra2 f6 30.Rd2 Nxf4 31.gxf4 fxe5 32.Nxe5 Bf5 33.Rxd8+ Rxd8 34.Rd1 Rxd1+
35.Qxd1 Bxa3 36.Qd5+ Kh7 37.Be4 g6 38.Bxf5 gxf5 39.Qc6 Bd6 40.Qc2 Qb7+ 41.Kg1 Bc5+
42.Kf1 Qh1+ 43.Ke2 Qxh2+ 44.Kd1 Qg1+ 45.Ke2 Qf2+  0-1

[Event "POL-ch"]
[Site "?"]
[Date "1994.??.??"]
[Round "2"]
[White "Markowski, Tomasz"]
[Black "Matlak, Marek"]
[Result "1/2-1/2"]
[WhiteElo "2495"]
[BlackElo "2485"]

1.Nf3 d5 2.g3 Nf6 3.Bg2 Bf5 4.b3 e6 5.Bb2 h6 6.O-O Be7 7.d3 O-O 8.c4 c6 9.Nbd2 Nbd7
10.Rc1 a5 11.a3 Bh7 12.Rc2 Qb6 13.Qa1 Rfd8 14.Ne5 Nxe5 15.Bxe5 Ne8 16.Bb2 Bf6
17.Bxf6 Nxf6 18.Qb2 Bg6 19.Rcc1 Bh5 20.Rfe1 Nd7 21.Qc3 Qc5 22.Ra1 Qe7 23.Qb2 Qf6
24.Qxf6 Nxf6 25.Kf1 Kf8 26.b4 axb4 27.axb4 Ke7 28.Reb1 Kd6 29.Ke1 Kc7 30.Rc1 Kb6
31.Nb3 dxc4 32.dxc4 Rxa1 33.Rxa1 Bg6 34.Nd2 Kc7 35.h3 Nd7 36.Ra5 f6 37.Ra7 Kb6
38.Ra1 Kc7  1/2-1/2